000 00497nam a22001577a 4500
008 160123b xxu||||| |||| 00| 0 eng d
020 _a9780078908019
082 _2[2008]
_aDK12 540
_bC517
245 _aChemistry :
_bconcepts and applications : study guide.
250 _aTeacher edition.
260 _aColumbus, OH :
_bGlencoe/McGraw Hill,
_c[c2008].
300 _aiv, 138 pages :
_billustration ;
_c28 cm.
650 0 _91921
_aChemistry
650 0 _92292
_aChemistry
_xstudy guide
942 _2ddc
_cDC
999 _c731
_d731